Estructura de la competencia política en España (1986-2000) / Isidre Molas, Oriol Bartomeus
Descripción Física:
35 p. : il., taules, quadres, gràf. ; 21 cm
Otros Autores:
Bartomeus Bayés, Oriol
MARC
| LEADER | 00000nam a2200000Ia 4500 | ||
|---|---|---|---|
| 001 | 15302 | ||
| 008 | 160829s2001 xx 000 0 cat d | ||
| 080 | |a FU-36-7 | ||
| 100 | |a Molas, Isidre, |d 1940- |9 25138 | ||
| 245 | |a Estructura de la competencia política en España (1986-2000) / Isidre Molas, Oriol Bartomeus | ||
| 260 | |a Barcelona : |b Institut de Ciències Polítiques i Socials, |c 2001 | ||
| 300 | |a 35 p. : |b il., taules, quadres, gràf. ; |c 21 cm | ||
| 490 | |a Working papers / Institut de Ciències Polítiques i Socials ; 196 | ||
| 590 | |a Notes. | ||
| 590 | |a Referències bibliogràfiques. | ||
| 590 | |a Bibliografia | ||
| 650 | |a Vot |x Investigació |x Espanya |x 1986/2000 |9 36396 | ||
| 650 | |a Eleccions |x Espanya |x 1986/2000 |9 36397 | ||
| 650 | |a Partits polítics |x Espanya |x 1986/2000 |9 36398 | ||
| 700 | |a Bartomeus Bayés, Oriol |9 2212 | ||
| 710 | 2 | |a Institut de Ciències Polítiques i Socials (Barcelona, Catalunya) |9 55871 | |
| 901 | |a Arxiu | ||
| 942 | |n 1 | ||
| 952 | |0 0 |1 0 |4 0 |6 FU367 |7 1 |9 47308 |a Arxiu |b Arxiu |d 2016-12-01 |l 0 |o FU-36-7 |p 15302 |r 2016-12-01 00:00:00 |w 2016-12-01 |y ARXIU | ||
| 999 | |c 51105 |d 51105 | ||